| 000 | 00639nam a2200193 i 4500 | ||
|---|---|---|---|
| 001 | 115193 | ||
| 003 | ES-MaACL | ||
| 005 | 20250918175735.0 | ||
| 008 | 070226s1907 sp a |||| | spa d | ||
| 100 | 1 |
_aSawa, Alejandro, _d1862-1909 _9104088 |
|
| 245 | 1 | 0 |
_aHistoria de una reina : _bnovela / _cpor Alejandro Sawa ; ilustraciones de A. Lozano. |
| 260 |
_aMadrid : _bEl Cuento Semanal, _c1907. |
||
| 300 |
_a[20] p. : _bil. ; _c26 cm. |
||
| 490 | 1 |
_aEl cuento semanal ; _v18 |
|
| 700 | 1 |
_aLozano Sidro, Adolfo, _d1872-1935 _974469 |
|
| 830 | 1 | 3 |
_aEl cuento semanal _v18 _9185957 |
| 852 | 4 |
_aES-MaACL _jG-4439(18) |
|
| 999 |
_c115193 _d115193 |
||